| 000 | 00676nam a22002177a 4500 | ||
|---|---|---|---|
| 003 | OSt | ||
| 005 | 20250910162945.0 | ||
| 008 | 250515t1979 sp ||||r|||| 00| 0 spa d | ||
| 020 | _a84-335-2981-1 | ||
| 040 | _cbesoc | ||
| 100 | 1 |
_aHobsbawm, Eric J., _eautor _d1917-2012 _q (Eric John). |
|
| 245 | 1 | 4 |
_aLas revoluciones burguesas. _nVolumen 1 / _cEric J. Hobsbawm. |
| 250 | _a6a ed. | ||
| 260 |
_aBarcelona : _bEditorial Labor, _c1979. |
||
| 300 |
_a261 p. ; _c18 cm. |
||
| 490 | 0 |
_aGuadarrama _aPunto Omega |
|
| 500 | _aContiene mapa Europa 1789, Europa 1810 y Europa 1840. | ||
| 650 | 4 |
_aEuropa _xHistoria _ySiglo XVII _ySiglo XIX |
|
| 650 | 4 | _aRevoluciones | |
| 942 |
_2udc _cOG _n0 |
||
| 999 |
_c498 _d498 |
||